Welcome to CU Library Online Public Access Catalogue (OPAC)

Know your drugs and medications / (Record no. 4474)

MARC details
000 -LEADER
fixed length control field 00816pam a2200241 a 4500
001 - CONTROL NUMBER
control field 1525376
005 - DATE AND TIME OF LATEST TRANSACTION
control field 20250303101034.0
008 - FIXED-LENGTH DATA ELEMENTS--GENERAL INFORMATION
fixed length control field 901205s1991 nyua 001 0 eng
020 ## - INTERNATIONAL STANDARD BOOK NUMBER
International Standard Book Number 0895773864
050 00 - LIBRARY OF CONGRESS CALL NUMBER
Classification number RM301.15
Item number .K58 1991
082 00 - DEWEY DECIMAL CLASSIFICATION NUMBER
Classification number 615/.1
Edition information 20
245 00 - TITLE STATEMENT
Title Know your drugs and medications /
Statement of responsibility, etc. medical editor, Charles B. Clayman.
260 ## - PUBLICATION, DISTRIBUTION, ETC.
Place of publication, distribution, etc. Pleasantville, N.Y. :
Name of publisher, distributor, etc. Reader's Digest Association,
Date of publication, distribution, etc. c1991.
300 ## - PHYSICAL DESCRIPTION
Extent 144 p. :
Other physical details col. ill. ;
Dimensions 28 cm.
440 #4 - SERIES STATEMENT/ADDED ENTRY--TITLE
Title The American Medical Association home medical library
500 ## - GENERAL NOTE
General note At head of title: The American Medical Association.
500 ## - GENERAL NOTE
General note Includes index.
650 #0 - SUBJECT ADDED ENTRY--TOPICAL TERM
Topical term or geographic name entry element Pharmacology
General subdivision Popular works.
650 #0 - SUBJECT ADDED ENTRY--TOPICAL TERM
Topical term or geographic name entry element Drugs
General subdivision Popular works.
700 1# - ADDED ENTRY--PERSONAL NAME
Personal name Clayman, Charles B.
710 2# - ADDED ENTRY--CORPORATE NAME
Corporate name or jurisdiction name as entry element American Medical Association.
942 ## - ADDED ENTRY ELEMENTS (KOHA)
Source of classification or shelving scheme Library of Congress Classification
Koha item type Books
Suppress in OPAC No
999 ## -
-- 4474
-- 4474
Holdings
Withdrawn status Lost status Source of classification or shelving scheme Damaged status Not for loan Collection Home library Current library Shelving location Date acquired Total checkouts Full call number Barcode Date last seen Copy number Price effective from Koha item type
    Library of Congress Classification     Non-fiction Science Library (Miotso) Science Library (Miotso) General stacks 03/03/2025   RM301.15 .K58 KNO SLM00004217 03/03/2025 1 03/03/2025 Books
© 2023-2024 Copyright: Central University Libraries. All Rights Reserved | Created by: Mahone Tech Office